Engineering circuit analysis / (Record no. 173195)

000 -LEADER
fixed length control field 01341pam a2200349 a 4500
001 - CONTROL NUMBER
control field 2033323
003 - CONTROL NUMBER IDENTIFIER
control field Nust
005 - DATE AND TIME OF LATEST TRANSACTION
control field 20211020152228.0
008 - FIXED-LENGTH DATA ELEMENTS--GENERAL INFORMATION
fixed length control field 921002s1993 nyua b 001 0 eng
010 ## - LIBRARY OF CONGRESS CONTROL NUMBER
LC control number 92037799
020 ## - INTERNATIONAL STANDARD BOOK NUMBER
International Standard Book Number 0071127364
038 ## - RECORD CONTENT LICENSOR
Staff Name khadija
040 ## - CATALOGING SOURCE
Original cataloging agency DLC
Transcribing agency DLC
Modifying agency DLC
050 00 - LIBRARY OF CONGRESS CALL NUMBER
Classification number TK454
Item number .H4 1993
082 00 - DEWEY DECIMAL CLASSIFICATION NUMBER
Classification number 621.3192 HAY
Edition number 20
100 1# - MAIN ENTRY--PERSONAL NAME
Personal name Hayt, William Hart,
Dates associated with a name 1920-
9 (RLIN) 83279
245 10 - TITLE STATEMENT
Title Engineering circuit analysis /
Statement of responsibility, etc. William H. Hayt, Jr., Jack E. Kemmerly.
250 ## - EDITION STATEMENT
Edition statement 5th ed.
260 ## - PUBLICATION, DISTRIBUTION, ETC.
Place of publication, distribution, etc. New York :
Name of publisher, distributor, etc. McGraw-Hill,
Date of publication, distribution, etc. c1993.
300 ## - PHYSICAL DESCRIPTION
Extent xx, 706 p. :
Other physical details ill. ;
Dimensions 27 cm.
440 #0 - SERIES STATEMENT/ADDED ENTRY--TITLE
Title McGraw-Hill series in electrical and computer engineering.
Name of part/section of a work Circuits and systems
9 (RLIN) 83280
504 ## - BIBLIOGRAPHY, ETC. NOTE
Bibliography, etc. note Includes bibliographical references and index.
563 ## - BINDING INFORMATION
Binding note PB
650 #0 - SUBJECT ADDED ENTRY--TOPICAL TERM
Topical term or geographic name entry element Electric circuit analysis.
9 (RLIN) 2075
650 #0 - SUBJECT ADDED ENTRY--TOPICAL TERM
Topical term or geographic name entry element Electric network analysis.
9 (RLIN) 10704
700 1# - ADDED ENTRY--PERSONAL NAME
Personal name Kemmerly, Jack E.
Fuller form of name (Jack Ellsworth),
Dates associated with a name 1924-
9 (RLIN) 2077
856 42 - ELECTRONIC LOCATION AND ACCESS
Materials specified Publisher description
Uniform Resource Identifier <a href="http://www.loc.gov/catdir/description/mh022/92037799.html">http://www.loc.gov/catdir/description/mh022/92037799.html</a>
856 41 - ELECTRONIC LOCATION AND ACCESS
Materials specified Table of contents
Uniform Resource Identifier <a href="http://www.loc.gov/catdir/toc/mh021/92037799.html">http://www.loc.gov/catdir/toc/mh021/92037799.html</a>
906 ## - LOCAL DATA ELEMENT F, LDF (RLIN)
a 7
b cbc
c orignew
d 1
e ocip
f 19
g y-gencatlg
942 ## - ADDED ENTRY ELEMENTS (KOHA)
Source of classification or shelving scheme
Koha item type Book
Holdings
Withdrawn status Lost status Source of classification or shelving scheme Damaged status Not for loan Permanent Location Current Location Shelving location Date acquired Full call number Barcode Date last seen Price effective from Koha item type
          School of Mechanical & Manufacturing Engineering (SMME) School of Mechanical & Manufacturing Engineering (SMME) General Stacks 01/19/2017 621.3192 HAY SMME-1133 03/28/2018 01/19/2017 Book
© 2023 Central Library, National University of Sciences and Technology. All Rights Reserved.